F1 - Tous les pilotes vainqueurs avec Mercedes - Statistiques

Statistiques générales
  • Ce quiz a été pris 176 fois
    87 depuis la dernière actualisation
  • Le résultat moyen est 6 sur 7
Statistiques - réponses
Années chez Mercedes Nationalités Victoires Pilotes % Correct
2013-2024 Royaume-Uni 84 Lewis Hamilton
100%
2025- Italie 3 Andrea Kimi Antonelli
96%
2022- Royaume-Uni 6 George Russell
96%
2017-2021 Finlande 10 Valterri Bottas
93%
2010-2016 Allemagne 23 Nico Rosberg
91%
1954-1955 Argentine 8 Juan Manuel Fangio
74%
1955 Royaume-Uni 1 Stirling Moss
26%
Aucun quiz correspondant
Distribution des résultats
% des personnes avec chaque résultat
Percentile par nombre de réponses
Votre historique - résultats
Vous n’avez pas pris ce quiz depuis la dernière actualisation